Giáo trình nền và móng
Sách trình bày khái niệm cơ bản của nền và móng, các phương pháp tính toán móng, các biện pháp xử lý chủ yếu khi xây dựng công trình trên nền đất, tính toán móng cọc(cọc đài thấp), ...
Zapisane w:
| 1. autor: | |
|---|---|
| Kolejni autorzy: | |
| Format: | Książka |
| Język: | Vietnamese |
| Wydane: |
H.
Xây dựng
2018
|
| Hasła przedmiotowe: | |
| Etykiety: |
Dodaj etykietę
Nie ma etykietki, Dołącz pierwszą etykiete!
|
| Thư viện lưu trữ: | Thư viện Trường Đại học Nam Cần Thơ |
|---|
| LEADER | 01705nam a22002537a 4500 | ||
|---|---|---|---|
| 001 | NCT_63445 | ||
| 008 | 190418b xxu||||| |||| 00| 0 vie d | ||
| 999 | |c 3069 |d 3069 | ||
| 020 | |a 9786048223717 |c 98000 | ||
| 082 | 0 | 4 | |2 23rd ed. |a 624.15 |b Đ455 |
| 100 | 1 | |a Phạm Quang Đông | |
| 245 | 1 | 0 | |a Giáo trình nền và móng |c Phạm Quang Đông, Nguyễn Văn Định |
| 260 | |a H. |b Xây dựng |c 2018 | ||
| 300 | |a 184 tr. |b Hình vẽ |c 27cm | ||
| 520 | 3 | |a Sách trình bày khái niệm cơ bản của nền và móng, các phương pháp tính toán móng, các biện pháp xử lý chủ yếu khi xây dựng công trình trên nền đất, tính toán móng cọc(cọc đài thấp), ... | |
| 653 | |a Kỹ thuật công trình xây dựng | ||
| 700 | 1 | |a Nguyễn Văn Định | |
| 942 | |2 ddc |c BK | ||
| 952 | |0 0 |1 0 |2 ddc |4 0 |6 624_150000000000000_Đ455 |7 0 |9 16655 |a 000001 |b 000001 |d 2019-04-18 |o 624.15 Đ455 |p MD.15356 |r 2019-04-18 |v 98000.00 |w 2019-04-18 |y BK | ||
| 952 | |0 0 |1 0 |2 ddc |4 0 |6 624_150000000000000_Đ455 |7 0 |9 16656 |a 000001 |b 000001 |d 2019-04-18 |o 624.15 Đ455 |p MD.15357 |r 2019-04-18 |v 98000.00 |w 2019-04-18 |y BK | ||
| 952 | |0 0 |1 0 |2 ddc |4 0 |6 624_150000000000000_Đ455 |7 0 |9 16657 |a 000001 |b 000001 |d 2019-04-18 |o 624.15 Đ455 |p MD.15358 |r 2019-04-18 |v 98000.00 |w 2019-04-18 |y BK | ||
| 952 | |0 0 |1 0 |2 ddc |4 0 |6 624_150000000000000_Đ455 |7 0 |9 16658 |a 000001 |b 000001 |d 2019-04-18 |o 624.15 Đ455 |p MD.15359 |r 2019-04-18 |v 98000.00 |w 2019-04-18 |y BK | ||
| 952 | |0 0 |1 0 |2 ddc |4 0 |6 624_150000000000000_Đ455 |7 0 |9 16659 |a 000001 |b 000001 |d 2019-04-18 |o 624.15 Đ455 |p MD.15360 |r 2019-04-18 |v 98000.00 |w 2019-04-18 |y BK | ||
| 980 | |a Thư viện Trường Đại học Nam Cần Thơ | ||


